| 000 | 00940nam a22002537a 4500 | ||
|---|---|---|---|
| 003 | OSt | ||
| 005 | 20260410165748.0 | ||
| 008 | 260410b |||||||| |||| 00| 0 eng d | ||
| 020 | _a978-981-99-4197-1 | ||
| 037 | _cReference | ||
| 040 |
_aFEDL _beng _cFEDL |
||
| 041 |
_aeng _heng |
||
| 082 | _a370.1 MAN/RR | ||
| 100 |
_aMancenido- Bolanos, Marella Ada V., Ed. _91234704 |
||
| 245 |
_aCultivating reasonableness in education: _bCommunity of philosophical inquiry/ _cby Marella Ada V. Mancenido- Bolanos; Cathlyne Joy P. Alvarez- Abarejo; Leander Penaso Marquez, Ed. |
||
| 260 |
_aSingapore _bSpringer Nature _c2023 |
||
| 300 | _axxi, 415p. | ||
| 365 |
_aEuro _b169.99 |
||
| 650 | _aEDUCATION PHILOSOPHY | ||
| 700 |
_aAlvarez- Abarejo, Cathlyne Joy P., Ed. _91234705 |
||
| 700 |
_aMarquez, Leander Penaso, Ed. _91234706 |
||
| 942 |
_2ddc _cREF _h370.1 MAN/RR _n0 |
||
| 999 |
_c1848243 _d1848243 |
||